[Event "C.to Mondiale U14 femminile"]
[Site "Maribor SLO"]
[Date "2012.11.08"]
[Round "1"]
[White "Gueci, Tea"]
[Black "Ziljaeva, Veronika"]
[WhiteElo "1939"]
[BlackElo "1615"]
[Result "1-0"]
[PlyCount "50"]
[EventDate "2012.11.08"]

1. e4 e6 2. d4 d5 3. Nd2 Nf6 4. e5 Nfd7 5. c3 c5 6. Bd3 Nc6 7. Ne2 Qb6 8. Nf3
cxd4 9. cxd4 f6 10. exf6 Nxf6 11. O-O Bd6 12. Re1 O-O 13. a3 a5 14. Nc3 Bd7 15.
Bg5 h6 16. Bh4 Ne7 17. Rb1 Rae8 18. Bc2 Qc7 19. Ne5 g5 20. Bg3 Kg7 21. h4 Nf5
22. hxg5 hxg5 23. Qd2 Nh7 24. Nxd7 Bxg3 25. fxg3 Qxd7 1-0

[Event "C.to Mondiale U14 femminile"]
[Site "Maribor SLO"]
[Date "2012.11.08"]
[Round "1"]
[White "Paolillo, Gaia"]
[Black "Petauer, Eva"]
[WhiteElo "1902"]
[BlackElo "1574"]
[Result "1-0"]
[PlyCount "97"]
[EventDate "2012.11.08"]

1. e4 e5 2. Nf3 Nc6 3. Bc4 Nf6 4. d3 Be7 5. Nc3 O-O 6. Be3 d6 7. h3 Na5 8. Bb3
Nxb3 9. axb3 a6 10. Qd2 c6 11. O-O d5 12. exd5 cxd5 13. Bg5 d4 14. Ne2 Nd7 15.
Ng3 f6 16. Bh4 g5 17. Nf5 gxh4 18. Qh6 Rf7 19. Qxh4 Bf8 20. Rfe1 Nc5 21. Nxe5
Bxf5 22. Nxf7 Kxf7 23. Re2 Qd6 24. Rae1 Kg8 25. Qh5 Bg6 26. Qf3 a5 27. h4 Qc6
28. Qg4 Qd5 29. h5 Qxh5 30. Qxd4 Re8 31. Rxe8 Bxe8 32. Qxf6 Bc6 33. Re5 Qf7 34.
Rg5+ Bg7 35. Qxf7+ Kxf7 36. Rxc5 Bxb2 37. Rxa5 Bd4 38. Kf1 Kf6 39. Rh5 Kg6 40.
Rh4 Bf6 41. Rg4+ Kf5 42. Rg8 Ke5 43. f3 h5 44. Ke2 Kd4 45. Rg6 Ke5 46. Rh6 h4
47. Rh7 Kd4 48. Rh5 Be8 49. Rf5 1-0

[Event "C.to Mondiale U14 femminile"]
[Site "Maribor SLO"]
[Date "2012.11.09"]
[Round "2"]
[White "Konopatska, Oleksandra"]
[Black "Paolillo, Gaia"]
[WhiteElo "1711"]
[BlackElo "1902"]
[Result "1/2-1/2"]
[PlyCount "65"]
[EventDate "2012.11.08"]

1. c4 e5 2. Nc3 Nf6 3. g3 d5 4. cxd5 Nxd5 5. Bg2 Be6 6. Nf3 Nc6 7. d3 Be7 8.
O-O O-O 9. Bd2 h6 10. Rc1 Qd7 11. Na4 Nd4 12. Nxe5 Nxe2+ 13. Qxe2 Qxa4 14. Ng6
Bd6 15. Nxf8 Rxf8 16. a3 Qb5 17. f4 Re8 18. Rfe1 Nf6 19. Bc3 Bg4 20. Qd2 Rd8
21. Bxf6 gxf6 22. Qc3 Kg7 23. h3 Be6 24. Kh2 c6 25. Re4 Rg8 26. Qd4 Bd5 27. Re2
Bxg2 28. Rxg2 Bc7 29. Qxa7 Bb6 30. a4 Qb4 31. Rc4 Qb3 32. Rc3 Qb4 33. Rc4
1/2-1/2

[Event "C.to Mondiale U14 femminile"]
[Site "Maribor SLO"]
[Date "2012.11.09"]
[Round "2"]
[White "Vescovi Lemos, Katherine"]
[Black "Gueci, Tea"]
[WhiteElo "1799"]
[BlackElo "1939"]
[Result "1/2-1/2"]
[PlyCount "168"]
[EventDate "2012.11.08"]

1. e4 c5 2. Nf3 d6 3. Bb5+ Bd7 4. Bxd7+ Qxd7 5. O-O Nc6 6. Qe2 Nf6 7. Rd1 e6 8.
d4 cxd4 9. Nxd4 Be7 10. c4 O-O 11. Nc3 a6 12. b3 Qc7 13. Bb2 Rfd8 14. Rac1 Rac8
15. Nf3 Nd7 16. Nd5 exd5 17. cxd5 Bf6 18. dxc6 bxc6 19. Nd4 Bxd4 20. Bxd4 Re8
21. f3 Qb7 22. Qb2 f6 23. Bf2 Re6 24. Rc2 Ne5 25. Rcd2 Rd8 26. Qa3 d5 27. Qa5
Red6 28. Bc5 R6d7 29. exd5 cxd5 30. Bb6 Rb8 31. Bf2 Qb5 32. Qc3 a5 33. Bg3 Re8
34. a4 Qb6+ 35. Bf2 Qb4 36. Qxb4 axb4 37. Rxd5 Rxd5 38. Rxd5 Rc8 39. Bc5 Nc6
40. Rd1 Na5 41. Bxb4 Nxb3 42. Rb1 Nd4 43. Be1 Rc4 44. Rb4 Rc1 45. Rxd4 Rxe1+
46. Kf2 Ra1 47. Rd8+ Kf7 48. Ra8 Ra3 49. a5 Ra2+ 50. Kg3 g5 51. a6 Kg7 52. a7
Ra4 53. Kf2 Ra3 54. Ke2 h6 55. Kd2 Kh7 56. Kc2 Kg7 57. Kb2 Ra6 58. Kb3 Ra1 59.
Kb4 Rb1+ 60. Kc5 Rc1+ 61. Kd5 Ra1 62. Ke6 Re1+ 63. Kf5 Ra1 64. Kg4 Ra4+ 65. Kh3
Rh4+ 66. Kg3 Ra4 67. h3 Ra2 68. h4 Ra4 69. h5 f5 70. Kf2 f4 71. Ke2 Ra2+ 72.
Kd3 Ra3+ 73. Ke4 Ra5 74. Kd4 Ra1 75. Ke4 Ra4+ 76. Kf5 Ra1 77. Kg4 Ra2 78. Kf5
Ra6 79. Ke5 Ra1 80. Kd6 Rd1+ 81. Kc5 Rc1+ 82. Kd5 Rd1+ 83. Kc4 Rc1+ 84. Kb3 Ra1
1/2-1/2

[Event "C.to Mondiale U14 femminile"]
[Site "Maribor SLO"]
[Date "2012.11.10"]
[Round "3"]
[White "Gueci, Tea"]
[Black "Drogovoz, Maria"]
[WhiteElo "1939"]
[BlackElo "1818"]
[Result "1-0"]
[PlyCount "59"]
[EventDate "2012.11.08"]

1. e4 e6 2. d4 d5 3. Nd2 Nf6 4. e5 Nfd7 5. c3 c5 6. Ne2 Nc6 7. Nf3 Be7 8. Nf4
cxd4 9. cxd4 Nb6 10. Bd3 O-O 11. O-O f6 12. exf6 Bxf6 13. Ne5 Ne7 14. Qh5 Nf5
15. g4 Bxe5 16. dxe5 Nh6 17. Ng2 Rf7 18. Bxh6 gxh6 19. Qxh6 Rg7 20. h3 Qc7 21.
Rfe1 Nc4 22. Rac1 Qa5 23. Bxc4 dxc4 24. Re4 Qxa2 25. Rexc4 Bd7 26. Nf4 Qa6 27.
Nh5 Rg6 28. Nf6+ Kf7 29. Qxh7+ Rg7 30. Qh5+ 1-0

[Event "C.to Mondiale U14 femminile"]
[Site "Maribor SLO"]
[Date "2012.11.10"]
[Round "3"]
[White "Paolillo, Gaia"]
[Black "Salahidi, Reveka"]
[WhiteElo "1902"]
[BlackElo "1653"]
[Result "1/2-1/2"]
[PlyCount "81"]
[EventDate "2012.11.08"]

1. e4 c5 2. Nf3 e6 3. d4 cxd4 4. Nxd4 a6 5. Nc3 Qc7 6. Bd3 Nf6 7. O-O Be7 8.
Qe2 d6 9. Bd2 O-O 10. Kh1 Nbd7 11. f4 Nc5 12. e5 Ne8 13. Rf3 f5 14. Rh3 g6 15.
Re1 Ng7 16. b4 Nxd3 17. cxd3 dxe5 18. fxe5 Qd7 19. Nc2 g5 20. Rg3 g4 21. Rg1 h5
22. d4 b5 23. Bh6 Bh4 24. Rd3 Bb7 25. Qd2 Be4 26. Nxe4 fxe4 27. Re3 Rf2 28. Re2
Raf8 29. Be3 Rf1 30. g3 Bd8 31. Rxf1 Rxf1+ 32. Kg2 Rf7 33. Rf2 Nf5 34. Rf1 Qc6
35. Rc1 Qc4 36. a3 Qd3 37. Bf4 Qb3 38. Ne3 h4 39. Rc3 Nxe3+ 40. Rxe3 h3+ 41.
Kg1 1/2-1/2

[Event "C.to Mondiale U14 femminile"]
[Site "Maribor SLO"]
[Date "2012.11.11"]
[Round "4"]
[White "Edilsultanova, Zalina"]
[Black "Paolillo, Gaia"]
[WhiteElo "1779"]
[BlackElo "1902"]
[Result "1/2-1/2"]
[PlyCount "99"]
[EventDate "2012.11.08"]

1. e4 e5 2. Nf3 Nc6 3. Bb5 Nge7 4. O-O g6 5. c3 Bg7 6. d4 exd4 7. cxd4 a6 8.
Be2 d6 9. h3 O-O 10. Nc3 Bd7 11. Be3 h6 12. Qd2 Kh7 13. d5 Na7 14. a4 Nac8 15.
Bd4 c6 16. Bxg7 Kxg7 17. Qd4+ Kh7 18. a5 cxd5 19. Nxd5 Nxd5 20. Qxd5 Bc6 21.
Qd4 Qe7 22. Bd3 Na7 23. Rad1 Nb5 24. Qb4 Rfd8 25. Nd4 Nxd4 26. Qxd4 Qe5 27. Qb4
Qc5 28. Qd2 Rac8 29. b4 Qd4 30. Rfe1 Ba4 31. Rc1 Bb5 32. Rcd1 Bxd3 33. Qxd3
Qxb4 34. Qd5 Rd7 35. e5 Rc5 36. Qf3 Qxa5 37. exd6 Re5 38. Re4 Qc5 39. Red4 Re6
40. Qf4 Qe5 41. Qd2 b5 42. Qa2 a5 43. Rd5 Qf6 44. Qxa5 Rexd6 45. Rxd6 Rxd6 46.
Rxd6 Qxd6 47. Qxb5 Kg7 48. g3 Kf6 49. h4 Qe5 50. Qc6+ 1/2-1/2

[Event "C.to Mondiale U14 femminile"]
[Site "Maribor SLO"]
[Date "2012.11.11"]
[Round "4"]
[White "Gueci, Tea"]
[Black "Ivana Maria, Furtado"]
[WhiteElo "1939"]
[BlackElo "2103"]
[Result "1/2-1/2"]
[PlyCount "87"]
[EventDate "2012.11.08"]

1. e4 e6 2. d4 d5 3. Nd2 Nf6 4. e5 Nfd7 5. c3 c5 6. Bd3 Nc6 7. Ne2 cxd4 8. cxd4
f6 9. exf6 Nxf6 10. Nf3 Bd6 11. O-O Qc7 12. Nc3 a6 13. h3 O-O 14. Be3 Bd7 15.
Rc1 Rae8 16. Re1 Bc8 17. Bb1 Qd8 18. Bg5 Qc7 19. Ne5 h6 20. Bxf6 Rxf6 21. Ng4
Ref8 22. Nxf6+ Rxf6 23. Qd3 g5 24. a3 Qf7 25. Re2 Rf4 26. Qg6+ Qxg6 27. Bxg6
Nxd4 28. Ree1 Nb3 29. Nxd5 Rf8 30. Rc3 exd5 31. Rxb3 Bc5 32. Re2 d4 33. a4 b6
34. Bd3 Bd7 35. Bxa6 Bxa4 36. Rg3 Bd1 37. Rd2 Bh5 38. b4 Bxb4 39. Rxd4 Be1 40.
Bc4+ Kh8 41. Rd6 Bxf2+ 42. Kh2 Bxg3+ 43. Kxg3 Kg7 44. Rxb6 1/2-1/2

[Event "C.to Mondiale U14 femminile"]
[Site "Maribor SLO"]
[Date "2012.11.12"]
[Round "5"]
[White "Paolillo, Gaia"]
[Black "Vasova, Maria"]
[WhiteElo "1902"]
[BlackElo "1782"]
[Result "0-1"]
[PlyCount "36"]
[EventDate "2012.11.08"]

1. e4 d6 2. d4 Nf6 3. Nc3 g6 4. f4 Bg7 5. Nf3 O-O 6. Be2 Na6 7. Bxa6 bxa6 8.
O-O Bb7 9. Qe2 Rc8 10. Bd2 c5 11. dxc5 Rxc5 12. Be3 Rxc3 13. bxc3 Nxe4 14. Bxa7
Nxc3 15. Qd3 Nb5 16. Rab1 Bxf3 17. Rxb5 Bxg2 18. Rb7 Bxb7 0-1

[Event "C.to Mondiale U14 femminile"]
[Site "Maribor SLO"]
[Date "2012.11.12"]
[Round "5"]
[White "Samdanova, Surena"]
[Black "Gueci, Tea"]
[WhiteElo "1830"]
[BlackElo "1939"]
[Result "1-0"]
[PlyCount "78"]
[EventDate "2012.11.08"]

1. e4 c5 2. Nf3 d6 3. d4 cxd4 4. Nxd4 Nf6 5. Nc3 a6 6. Bg5 e6 7. f4 h6 8. Bxf6
Qxf6 9. Qd2 Nc6 10. Nf3 Qd8 11. O-O-O Be7 12. Bd3 O-O 13. g4 b5 14. h4 b4 15.
Ne2 d5 16. e5 b3 17. a3 Rb8 18. cxb3 Rxb3 19. Nfd4 Rb6 20. Bc2 g6 21. h5 Kg7
22. hxg6 fxg6 23. Nxc6 Rxc6 24. Qd3 Qe8 25. Nd4 Rb6 26. Qh3 Rh8 27. Kb1 Qf8 28.
Qd3 Qe8 29. f5 exf5 30. gxf5 gxf5 31. Nxf5+ Bxf5 32. Qxf5 Qb5 33. Rdg1+ Bg5 34.
Rxg5+ hxg5 35. Qxg5+ Kf7 36. e6+ Rxe6 37. Rxh8 Re1+ 38. Ka2 Re2 39. Rh7+ Ke6
1-0

[Event "C.to Mondiale U14 femminile"]
[Site "Maribor SLO"]
[Date "2012.11.12"]
[Round "6"]
[White "Gueci, Tea"]
[Black "Chung, Mathilde"]
[WhiteElo "1939"]
[BlackElo "1791"]
[Result "1-0"]
[PlyCount "113"]
[EventDate "2012.11.08"]

1. e4 c5 2. Nf3 Nc6 3. d4 cxd4 4. Nxd4 Qb6 5. Nb3 Nf6 6. Nc3 e6 7. Be3 Qc7 8.
h3 Bb4 9. Bd3 d5 10. exd5 Nxd5 11. Bd2 Nxc3 12. bxc3 Bd6 13. O-O O-O 14. Nd4 a6
15. Re1 Ne5 16. Be4 f5 17. Bd3 Nxd3 18. cxd3 e5 19. Qb3+ Qf7 20. Nf3 Re8 21.
Qxf7+ Kxf7 22. Ng5+ Kg6 23. Rab1 b5 24. a4 Rb8 25. axb5 axb5 26. f4 Bd7 27.
fxe5 Bxe5 28. Ra1 Bxc3 29. Bxc3 Kxg5 30. Rxe8 Rxe8 31. Bxg7 Re2 32. Bd4 Bc6 33.
Bf2 b4 34. Rb1 f4 35. Rxb4 Rd2 36. Rb6 Bd5 37. d4 Be4 38. h4+ Kf5 39. Rb5+ Kf6
40. Re5 Bb7 41. Re1 Kf5 42. Re7 Bc6 43. Rxh7 Rd1+ 44. Kh2 Rd2 45. Rh5+ Ke6 46.
Re5+ Kf6 47. Kg1 Rd1+ 48. Re1 Rxe1+ 49. Bxe1 Kg6 50. g3 fxg3 51. Bxg3 Kh5 52.
Bf2 Kg4 53. Kf1 Be4 54. Ke2 Kf4 55. Be3+ Kg4 56. Bg5 Kf5 57. Ke3 1-0

[Event "C.to Mondiale U14 femminile"]
[Site "Maribor SLO"]
[Date "2012.11.12"]
[Round "6"]
[White "Vescovi Lemos, Katherine"]
[Black "Paolillo, Gaia"]
[WhiteElo "1799"]
[BlackElo "1902"]
[Result "0-1"]
[PlyCount "70"]
[EventDate "2012.11.08"]

1. e4 e5 2. Nf3 Nc6 3. Bb5 Nge7 4. O-O g6 5. c3 Bg7 6. d4 exd4 7. cxd4 d5 8.
exd5 Nxd5 9. Re1+ Be6 10. Bxc6+ bxc6 11. Ng5 O-O 12. Nxe6 fxe6 13. Be3 c5 14.
dxc5 Nxe3 15. fxe3 Qxd1 16. Rxd1 Bxb2 17. Nd2 Bxa1 18. Rxa1 Rad8 19. Nf3 Rd3
20. Re1 Rc3 21. Nd4 Re8 22. c6 e5 23. Nb5 Rxc6 24. Nxa7 Rc5 25. Rb1 Ra8 26. Rb7
Ra5 27. Nc6 Rxa2 28. Rxc7 Re2 29. Kf1 Rb2 30. Rc8+ Rxc8 31. Ne7+ Kf7 32. Nxc8
Ke6 33. h4 Kd7 34. Na7 Kc7 35. g4 Kb7 0-1

[Event "C.to Mondiale U14 femminile"]
[Site "Maribor SLO"]
[Date "2012.11.14"]
[Round "7"]
[White "Vasenina, Anna"]
[Black "Gueci, Tea"]
[WhiteElo "2037"]
[BlackElo "1939"]
[Result "1/2-1/2"]
[PlyCount "89"]
[EventDate "2012.11.08"]

1. d4 Nf6 2. Nf3 c5 3. d5 e6 4. c4 exd5 5. cxd5 d6 6. Nc3 g6 7. e4 Bg7 8. Bd3
O-O 9. O-O a6 10. a4 Re8 11. Re1 Qc7 12. Nd2 Ng4 13. Nc4 Bd4 14. Be3 Nxe3 15.
Nxe3 Nd7 16. Nc4 Ne5 17. Nxe5 Bxe5 18. Qc2 Bd7 19. g3 Rab8 20. f4 Bd4+ 21. Kg2
b5 22. axb5 axb5 23. Ne2 Bf6 24. Ng1 Kg7 25. Nf3 Bg4 26. Ra6 c4 27. Bf1 Ra8 28.
Rc6 Qd7 29. Qb1 Ra5 30. Be2 Bh3+ 31. Kh1 Qa7 32. Ng1 Bd7 33. Rxd6 Be7 34. Rxd7
Qxd7 35. Bf3 Bb4 36. Rd1 Rea8 37. Kg2 Ra2 38. Ne2 c3 39. bxc3 Bxc3 40. Qd3 b4
41. e5 R8a3 42. Qc4 Ra6 43. d6 h5 44. Qd5 R6a5 45. Qc4 1/2-1/2

[Event "C.to Mondiale U14 femminile"]
[Site "Maribor SLO"]
[Date "2012.11.15"]
[Round "8"]
[White "Drogovoz, Maria"]
[Black "Paolillo, Gaia"]
[WhiteElo "1818"]
[BlackElo "1902"]
[Result "1-0"]
[PlyCount "67"]
[EventDate "2012.11.08"]

1. e4 e5 2. Nf3 Nc6 3. d4 exd4 4. Nxd4 Bc5 5. Nb3 Bb6 6. Qe2 d6 7. Nc3 Nf6 8.
Be3 Be6 9. O-O-O Qe7 10. f3 O-O-O 11. Bxb6 axb6 12. Nd4 Bd7 13. Qd2 Qe5 14.
Nxc6 Bxc6 15. Bc4 Rhf8 16. Rhe1 Rde8 17. Qd3 Qxh2 18. Bb5 Bxb5 19. Nxb5 Qe5 20.
Qc4 Qc5 21. Qa4 Qg5+ 22. Kb1 Rg8 23. g3 Nd7 24. f4 Qxg3 25. Qa8+ Nb8 26. Na7+
Kd7 27. Qxb7 Re6 28. Nb5 Rc8 29. Nxd6 Rxd6 30. Rxd6+ Ke7 31. Red1 Qg4 32. f5
Re8 33. Qxc7+ Kf8 34. Rd8 1-0

[Event "C.to Mondiale U14 femminile"]
[Site "Maribor SLO"]
[Date "2012.11.15"]
[Round "8"]
[White "Vasova, Maria"]
[Black "Gueci, Tea"]
[WhiteElo "1782"]
[BlackElo "1939"]
[Result "1/2-1/2"]
[PlyCount "66"]
[EventDate "2012.11.08"]

1. e4 c5 2. Nf3 d6 3. g3 Nc6 4. Bg2 Nf6 5. d3 g6 6. O-O Bg7 7. c3 O-O 8. Re1
Bg4 9. h3 Bxf3 10. Qxf3 Rc8 11. Qe2 b5 12. Be3 a5 13. a3 b4 14. axb4 axb4 15.
Nd2 Nd7 16. cxb4 Nxb4 17. Nc4 Nb6 18. Rec1 Nxc4 19. Rxc4 Qb6 20. f4 Nc6 21. Rb1
Nd4 22. Qe1 Qb3 23. Qf1 Rb8 24. Bf2 Nc2 25. Rc1 Nd4 26. Rb1 Nc2 27. Rc1 Nd4 28.
e5 Qxd3 29. Qe1 Qb3 30. Qd2 Rfd8 31. R4c3 Qe6 32. Rd1 Qc8 33. Rc4 dxe5 1/2-1/2

[Event "C.to Mondiale U14 femminile"]
[Site "Maribor SLO"]
[Date "2012.11.16"]
[Round "9"]
[White "Gueci, Tea"]
[Black "Paramzina, Anastasya"]
[WhiteElo "1939"]
[BlackElo "2089"]
[Result "0-1"]
[PlyCount "68"]
[EventDate "2012.11.08"]

1. e4 c5 2. Nf3 d6 3. d4 cxd4 4. Nxd4 Nf6 5. Nc3 g6 6. Bc4 Bg7 7. h3 O-O 8. Be3
Nc6 9. Bb3 Na5 10. O-O b6 11. Re1 Bb7 12. Bg5 Nxb3 13. axb3 h6 14. Bh4 Re8 15.
f4 a6 16. f5 g5 17. Bf2 b5 18. b4 Rc8 19. Nb3 Qd7 20. Na5 Ba8 21. Nb3 Rxc3 22.
bxc3 Nxe4 23. Bd4 Qxf5 24. Rxa6 e5 25. Rf1 Qc8 26. Ra7 Rf8 27. Qe2 Bd5 28. Bb6
Qc6 29. Bc7 Nxc3 30. Rf2 e4 31. Qe1 Bxb3 32. cxb3 Bd4 33. Bxd6 Qxd6 34. Ra1 Qg3
0-1

[Event "C.to Mondiale U14 femminile"]
[Site "Maribor SLO"]
[Date "2012.11.16"]
[Round "9"]
[White "Paolillo, Gaia"]
[Black "Rakic, Teodora"]
[WhiteElo "1902"]
[BlackElo "1824"]
[Result "1-0"]
[PlyCount "87"]
[EventDate "2012.11.08"]

1. e4 d6 2. d4 Nf6 3. Nc3 g6 4. f4 Bg7 5. Nf3 O-O 6. Bd3 Na6 7. O-O c5 8. d5
Nc7 9. Qe1 a6 10. a4 b6 11. Qh4 Rb8 12. f5 Bd7 13. Bh6 Qc8 14. fxg6 fxg6 15.
Ng5 Nh5 16. Bxg7 Kxg7 17. Be2 h6 18. Bxh5 gxh5 19. Nf3 Qe8 20. Ne2 Kh7 21. Ng3
Bg4 22. Ra3 Rf6 23. h3 Bd7 24. Nxh5 Rg6 25. Nh2 Rg5 26. Nf4 Qg8 27. Nf3 Rg7 28.
Rf2 Be8 29. Nh2 e5 30. dxe6 Nxe6 31. Ng4 Rxg4 32. hxg4 Ng5 33. Nd5 Qg7 34. Nf6+
Kh8 35. Rd3 Bxa4 36. Rxd6 Nf7 37. Rd3 Ne5 38. Rh3 Nf7 39. Nh5 Qd4 40. Rd3 Qxb2
41. Rxf7 Bxc2 42. Nf6 Qc1+ 43. Kh2 Rb7 44. Rd8# 1-0

[Event "C.to Mondiale U14 femminile"]
[Site "Maribor SLO"]
[Date "2012.11.17"]
[Round "10"]
[White "Derakhshani, Dorsa"]
[Black "Paolillo, Gaia"]
[WhiteElo "2023"]
[BlackElo "1902"]
[Result "1-0"]
[PlyCount "41"]
[EventDate "2012.11.08"]

1. e4 e5 2. Nf3 Nc6 3. d4 exd4 4. Nxd4 Bc5 5. Nb3 Bb6 6. Nc3 d6 7. Qe2 Nf6 8.
Bg5 h6 9. Bh4 Nd4 10. Qd3 Ne6 11. O-O-O Bd7 12. Nd5 Ng5 13. f4 Ngh7 14. e5 dxe5
15. fxe5 g5 16. exf6 gxh4 17. Qe4+ Kf8 18. Qb4+ Ke8 19. Bb5 c6 20. Rhe1+ Be6
21. Nxb6 1-0

[Event "C.to Mondiale U14 femminile"]
[Site "Maribor SLO"]
[Date "2012.11.17"]
[Round "10"]
[White "Ljikar, Tamara"]
[Black "Gueci, Tea"]
[WhiteElo "1824"]
[BlackElo "1939"]
[Result "1-0"]
[PlyCount "91"]
[EventDate "2012.11.08"]

1. e4 c5 2. Nf3 d6 3. d4 cxd4 4. Nxd4 Nf6 5. Nc3 a6 6. Be3 e5 7. Nb3 Be6 8. Qd2
Nbd7 9. O-O-O Be7 10. f3 h5 11. Rg1 b5 12. h3 Nb6 13. Kb1 Nc4 14. Bxc4 bxc4 15.
Nc1 a5 16. g4 g6 17. g5 Nd7 18. Nd5 Bxd5 19. Qxd5 c3 20. f4 Rb8 21. b3 O-O 22.
f5 Nb6 23. Bxb6 Qxb6 24. f6 Bd8 25. Qxd6 Bc7 26. Qxb6 Bxb6 27. Rg3 Bf2 28. Rxc3
a4 29. Nd3 Bh4 30. Nxe5 axb3 31. axb3 Bxg5 32. Nd7 Rfd8 33. Rcd3 Rb4 34. e5 Re8
35. Rd4 Rb5 36. Rd5 Rxd5 37. Rxd5 Be3 38. b4 g5 39. Ka2 Kh7 40. Kb3 Bg1 41. e6
Kg6 42. e7 Bf2 43. Rd6 Kf5 44. Nc5 Rg8 45. Rd8 Bxc5 46. e8=Q 1-0

[Event "C.to Mondiale U14 femminile"]
[Site "Maribor SLO"]
[Date "2012.11.18"]
[Round "11"]
[White "Gueci, Tea"]
[Black "Jargalmaa, Sarantuya"]
[WhiteElo "1939"]
[BlackElo "1781"]
[Result "0-1"]
[PlyCount "98"]
[EventDate "2012.11.08"]

1. e4 c5 2. Nc3 d6 3. Bb5+ Bd7 4. Bxd7+ Qxd7 5. d3 Nc6 6. f4 e6 7. Nf3 O-O-O 8.
O-O d5 9. e5 d4 10. Ne4 h5 11. a3 Qd5 12. Bd2 Nh6 13. Qe2 Kb8 14. Rfb1 b5 15.
c4 dxc3 16. bxc3 b4 17. Ne1 Nf5 18. axb4 cxb4 19. cxb4 f6 20. b5 Ncd4 21. Qd1
Bc5 22. Nxc5 Qxc5 23. Kf1 h4 24. b6 Ng3+ 25. hxg3 hxg3 26. bxa7+ Ka8 27. Rb8+
Rxb8 28. axb8=Q+ Kxb8 29. Qb1+ Kc7 30. Ba5+ Kc8 31. Nf3 Nxf3 32. Bb6 Rh1+ 33.
Ke2 Nd4+ 34. Kd2 Rxb1 35. Ra8+ Kb7 36. Bxc5 Nb3+ 37. Kc2 Rc1+ 38. Kxb3 Kxa8 39.
Bd4 f5 40. Be3 Re1 41. Bc5 Re2 42. d4 Kb7 43. d5 exd5 44. Kc3 Kc6 45. Kd3 Rxg2
46. e6 Rf2 47. e7 Kd7 48. Ke3 Rc2 49. Bd4 Kxe7 0-1

[Event "C.to Mondiale U14 femminile"]
[Site "Maribor SLO"]
[Date "2012.11.18"]
[Round "11"]
[White "Paolillo, Gaia"]
[Black "Mirzaeva, Gulnara"]
[WhiteElo "1902"]
[BlackElo "1777"]
[Result "1/2-1/2"]
[PlyCount "147"]
[EventDate "2012.11.08"]

1. e4 e5 2. Nf3 Nc6 3. Bc4 Bc5 4. c3 Nf6 5. b4 Bb6 6. Qb3 O-O 7. d3 Ng4 8. O-O
d6 9. Bg5 Nf6 10. a4 a6 11. a5 Ba7 12. Nbd2 h6 13. Bh4 g5 14. Nxg5 hxg5 15.
Bxg5 Qe7 16. Qd1 Bg4 17. Bxf6 Qxf6 18. Qxg4+ Kh8 19. Nf3 Qg6 20. Qxg6 fxg6 21.
h3 Rf4 22. b5 axb5 23. Bxb5 Nxa5 24. Kh2 Bb6 25. Ra2 Raf8 26. Rfa1 Nb3 27. Rb1
Nc5 28. Bc4 Kg7 29. Re1 Kf6 30. Ree2 Ke7 31. Ne1 Rh4 32. f3 Rhh8 33. d4 Nd7 34.
Red2 Ra8 35. Rab2 exd4 36. cxd4 Ra4 37. Rbc2 Ra1 38. Nd3 Bxd4 39. Nb4 Be5+ 40.
g3 Nc5 41. f4 Bg7 42. Re2 c6 43. Ba2 Kd7 44. e5 Bf8 45. Bf7 Ra4 46. Na2 Rh6 47.
Nc3 Rd4 48. Red2 dxe5 49. fxe5 Rxd2+ 50. Rxd2+ Ke7 51. Ba2 Bg7 52. Rc2 Bxe5 53.
Nd5+ Kd6 54. Ne3 b5 55. Rd2+ Kc7 56. Ng4 Rh5 57. Bf7 Bxg3+ 58. Kg2 Rg5 59. Kxg3
Ne4+ 60. Kf4 Rxg4+ 61. Kxg4 Nxd2 62. Bxg6 Kd7 63. h4 Ke7 64. h5 Kf8 65. h6 Kg8
66. Kf4 c5 67. Ke3 Nc4+ 68. Ke4 Nb6 69. Kd3 b4 70. Kc2 Nd7 71. Bf5 Ne5 72. Kb3
Nf7 73. h7+ Kg7 74. Bb1 1/2-1/2